000 00330nam a2200133Ia 4500
005 20260328101451.0
008 260328s9999||||xx |||||||||||||| ||und||
100 _aLoos, Adolf
245 0 _aOrnamento y delito y otros escritos /
_cAdolf Loos
260 _bGustavo Gili
300 _a273 p.
650 _aARQUITECTURA
942 _cBK
999 _c8680
_d8680